000
00295nam a2200121Ia 4500
008
190216s9999||||xx |||||||||||||| ||und||
100
_a
Abdul Hasan Ali Nadiri
245
0
_a
Mukhiaraiun Min Adabil Arabi
260
_b
"A Blackwell, Oxford"
_c
1967
300
_a
160p
650
_a
Arabic
942
_c
BK
999
_c
101
_d
101